[Event "New York op"]
[Site "New York"]
[Date "1998.03.16"]
[Round "1"]
[White "Georgiev, Kiril"]
[Black "Dorobanov, Svetoslav"]
[Result "1-0"]
[WhiteElo "2675"]
[BlackElo "2340"]
[Annotator "Ribli,Z"]
[PlyCount "101"]
[EventDate "1998.03.16"]
[EventType "swiss"]
[EventRounds "9"]
[EventCountry "USA"]
[SourceTitle "CBM 064"]
[Source "ChessBase"]
[SourceDate "1998.06.02"]
[SourceVersion "1"]
[SourceVersionDate "1998.06.02"]
[SourceQuality "1"]

1. e4 c5 2. Nf3 e6 3. d4 cxd4 4. Nxd4 Nc6 5. Nc3 Qc7 6. g3 a6 (6... Nf6 $6 7.
Bf4 e5 (7... Ne5 8. Ndb5 Qb8 9. Be2 {[%cal Rd1d4]} Bc5 10. Bxe5 Qxe5 11. f4 $16
) 8. Ndb5 Qb8 9. Bg5 $14 {[%csl Rd5]}) 7. Bg2 Nf6 8. O-O Nxd4 (8... Be7 9. Re1
O-O $5) (8... d6 9. Re1 Be7 (9... Rb8 10. Nxc6 bxc6 11. e5 dxe5 12. Rxe5 Qxe5
13. Bf4 $14) 10. Nxc6 bxc6 11. e5 dxe5 12. Rxe5 $14) (8... Bc5 $5 {Das ist
eine sehr scharfe, aber chancenreiche Fortsetzung mit beiderseitigen Chancen.})
9. Qxd4 Bc5 10. Bf4 d6 (10... Bxd4 11. Bxc7 $14) 11. Qd2 (11. Qd3 $5) 11... h6
{Schwarz muß so spielen, denn sonst wäre - nach e6-e5 - Bg5 möglich.} 12. Rad1
e5 13. Be3 Ke7 {Im Allgemeinen ist es ungünstig, wenn der König in der Mitte
bleiben muß, aber hier haben wir eine spezielle Variante vor uns. Das Zentrum
ist geschlossen, und der König steht nicht so schlecht auf e7.} (13... Bxe3 $2
14. fxe3 Ke7 $4 15. Rxf6 $18 {[%cal Rc3d5]}) (13... Bg4 14. Bxc5 dxc5 15. f3
Be6 16. f4 $36) 14. Bxc5 Qxc5 15. Na4 Qc7 $146 (15... Qc6 16. f4 a5 (16... Bg4
$2 17. fxe5 dxe5 18. Qb4+ Ke8 19. Rd2 Rc8 20. h3 Bd7 21. Nb6 Rc7 22. Rfd1 Qe6
23. Rd6 Qe7 24. Qd2 Rg8 25. Kh2 g5 26. Rxf6 Qxf6 27. Nxd7 Qd8 28. Nxe5 Qxd2 29.
Rxd2 Ke7 30. Ng4 {1-0 Varga,Z-Horvath,G/HUN-chop Gyor 1990}) 17. Qd3 $1 (17. b3
b5 18. fxe5 dxe5 19. Nc3 Be6 20. Nd5+ Bxd5 21. exd5 Qd6 22. Rde1 Nd7 23. Kh1
Rac8 24. Qxa5 Rxc2 25. Qxb5 Rxa2 {0-1 Aleksic,N-Kogan,A/Catania op 1995 (39)})
17... b5 (17... Ra6 18. fxe5 dxe5 19. Qa3+ Ke8 20. Rf3 $1 {[%csl Ga3,Gd1,Re8,
Gf3]}) 18. Nc3 Be6 19. Qxb5 $1 Qxb5 20. Nxb5 Bc4 21. Nxd6 Bxf1 22. Nf5+ Kf8 23.
Rxf1 $44 {1-0 Kotronias,V-Damljanovic,B/Belgrade 1993 (40)}) 16. f4 a5 {
Schwarz verteidigt sich gegen die Drohung - 17.fxe5 dxe5 18.Qb4.} (16... Rd8
17. fxe5 (17. Qb4 $6) 17... dxe5 18. Qb4+ (18. Qxd8+ Qxd8 19. Rxd8 Kxd8 20. Nb6
Rb8 21. Nc4 {[%csl Re5]} Be6 22. Nxe5 Rc8 $14 {Schwarz hat einen Bauern
weniger,aber auch eine feste Stellung.Ribli.}) 18... Ke8 (18... Rd6 19. Rf3 $1
a5 20. Qxd6+ Qxd6 21. Rxd6 Kxd6 22. Nb6 Rb8 23. Ra3 $16 {[%cal Ra3a5]}) 19.
Rxd8+ $1 (19. Nb6 Rb8 20. Nc4 Rxd1 21. Rxd1 Be6 22. Nd6+ Kf8 23. Nb5+ (23.
Nxb7+ $2 Kg8 $19) 23... Qe7 24. Qxe7+ Kxe7 $11) 19... Qxd8 20. Nb6 Rb8 21. Nd5
{[%csl Re8]} Be6 22. Rd1 $16) 17. Qd3 {[%cal Gd3a3,Ga3e7]} b5 18. Nc3 $13 Be6 (
18... b4 19. fxe5 Qc5+ (19... dxe5 20. Nd5+ (20. Rxf6 bxc3 (20... Qc5+ 21. Rf2
bxc3) 21. Rf2 $13) 20... Nxd5 21. exd5 (21. Qxd5 Be6 $11) 21... Qd6 22. Rfe1
$14) 20. Rf2 (20. Kh1 dxe5 $5 (20... Qxe5 21. Nb5 Bg4 (21... Rd8 22. Nd4 Bb7 (
22... Bd7 $2 23. Rf5 {[%csl Re5,Re7]} Bxf5 24. Nc6+ $18) 23. Rf5 Qxe4 24. Bxe4
Bxe4+ 25. Qxe4+ Nxe4 26. Rdf1 $1 (26. Nc6+ Ke6 27. Rf4 f5 28. Nxd8+ Rxd8 $14)
26... Nf6 27. Nc6+ Kd7 28. Nxd8 $16) 22. Nd4 {[%cal Rd4c6,Rc6e7,Rc6e5]} Rac8 (
22... Kf8 23. Nc6 Qxb2 24. Qxd6+ Kg8 25. Rde1 $36 {[%csl Gc6,Gd6]}) 23. Nf5+
Kf8 24. Nxd6 Rc6 25. Rd2 $16) 21. Nd5+ Nxd5 22. exd5 (22. Qxd5 Qxd5 23. exd5
Ra6 24. d6+ Rxd6 25. Rxd6 (25. Rxf7+ Kxf7 26. Rxd6 Bf5 $11) 25... Kxd6 26. Rxf7
Be6 27. Rxg7 Bxa2 (27... Rc8 28. Rg6 $18 {Droht 29.Rxe6 Kxe6 30.Bh3,und 29.Bh3
mit toedlicher Fesselung.Ribli.} Rxc2 29. Bh3 {[%csl Re6]}) 28. Rg6+ (28. Ra7
Rc8 $1 29. Ra6+ Ke7 30. Rxa5 (30. Be4 Rc5 $1 31. Rxh6 Bb1 $132) 30... Rxc2 31.
Ra7+ Kf6 32. Ra6+ Ke7 33. Ra7+ $11 (33. Rxa2 Rc1+ 34. Bf1 Rxf1+ 35. Kg2 Rb1 $15
{Und der weise Turm ist gefesselt.Ribli.})) 28... Kc5 29. Ra6 (29. Rc6+ $6 Kb5
30. b3 Rd8 {[%csl Gd8][%cal Gd8d1]} 31. h4 Rd2 32. Rxh6 Rxc2 33. Bd5 Rc3 {
[%cal Rc3g3,Ra2b3]}) 29... Kb5 30. Bf1+ Bc4 (30... Ka4 31. Rb6 $18 {[%csl Ra4]
Der schwarze Koenig befindet sich in Mattnetz.Ribli.}) 31. Bxc4+ Kxc4 32. Rxa5
e4 $44 {[%csl Gc4,Ge4,Rh1]}) 22... Qd6 $8 23. Rfe1 {Und Weiss droht 24.Qe4
spielen,mit Angriffchancen.Ribli.}) 20... Qxe5 (20... dxe5 21. Nd5+ Nxd5 22.
Qxd5 Qxd5 23. exd5 $40) 21. Nd5+ Nxd5 22. exd5 {[%csl Re7][%cal Rf2e2,Re2e7]}
Ba6 (22... Kf8 23. Qg6 f6 24. Rdf1 $40) 23. Qf3 {[%csl Re7][%cal Rf2f7]} Rhf8
24. Bf1 $1 Bxf1 25. Rdxf1 {[%csl Re7][%cal Rf2e2,Re2e7,Gf1f7]} Qxb2 26. Re1+
Kd8 27. Qe3 $18 {[%csl Rd8][%cal Re3e7,Re3b6]}) (18... Qc5+ 19. Kh1 b4 20. fxe5
dxe5 21. Nd5+ Nxd5 {Und über Zugumstellung gelangen wir zu den oben
analysierten Varaianten.}) 19. Nxb5 (19. Qxb5 Bc4 $15 {[%cal Rc4f1,Rc4b5]})
19... Qc5+ 20. Kh1 Bc4 21. Qxd6+ Qxd6 22. Nxd6 Bxf1 23. Nf5+ Kf8 24. Rxf1 $14 {
Als Resultat von Vereinfachungen haben wir eine dynamische Stellung erhalten -
Weiß besitzt zwei Bauern für die Qualität. Die schwarze Königsstellung ist ein
wenig unsicher.} Re8 $6 (24... Nd7 25. Rd1 Ra7 (25... Rd8 26. fxe5 $16) 26.
fxe5 (26. Nd6 $36) (26. Bh3) 26... g6 (26... Nxe5 $2 27. Rd8#) 27. Nd6 Nxe5 28.
Rd5 $14) (24... Ng4 $2 25. h3) (24... exf4 25. e5 $18 {[%cal Re5f6,Rg2a8]}) 25.
Nd6 Re6 26. Nc4 Ke7 (26... exf4 $6 27. e5 Nd7 (27... f3 28. Bxf3 Nd7 29. Bg4
$16) 28. gxf4 $16) 27. Nxe5 $16 {Weiß hat nun schon drei Bauern + Initiative
für die Qualität.} Rc8 28. Rf2 Rd8 29. Bf3 Rd4 30. Re2 g5 {Weiß besitzt
Materialvorteil, aber Schwarz kann etwas Aktivität entwickeln.} 31. c3 Rd1+ 32.
Kg2 g4 $6 {Schwarz gibt einen weiteren Bauern, ohne echtes Gegenspiel zu
bekommen.} (32... Red6 33. Rf2 $5 (33. Nc4 g4 34. Nxd6 gxf3+ 35. Kxf3 Rxd6 (
35... Kxd6 36. e5+ $18) 36. e5 Rd3+ 37. Re3 Rxe3+ 38. Kxe3 Ng4+ 39. Ke4 Nxh2
40. b4 $14) (33. Kf2) 33... Re1 34. Nc4 $16) 33. Nxg4 Nxg4 34. Bxg4 Red6 35. a4
{Das ist ein Sicherungszug. Weiß unterbindet das einzig mögliche schwarze
Gegenspiel am Damenflügel.} R6d2 36. b3 Rxe2+ 37. Bxe2 Rb1 (37... Rc1 38. b4 (
38. Bc4 $16) 38... Rxc3 39. bxa5 $16) 38. Bc4 Rc1 39. Kh3 Rxc3 40. Kg4 Rc2 41.
h4 {Weiß hat B + PPP für R. Bei technisch sauberem Spiel muß er die Partie
gewinnen.} Rc3 42. h5 Re3 43. e5 Rc3 44. Kh4 {Früher oder später kann Weiß
seine Bauern am Königsflügel in Bewegung setzen.} Rf3 45. Kh3 Re3 46. Kg2 Re1 (
46... Rc3 $5) 47. Kf2 Rh1 $6 48. Bf1 $18 {[%csl Rh1] Der schwarze Turm ist in
der Falle.} Rxh5 (48... Rh2+ 49. Bg2 Rxh5 50. g4 Rh2 (50... Rh4 51. Kg3 $18)
51. Kg3 $18) 49. Kg2 {Droht 50.Be2 Rf5 51.Bg4 mit Turmfang.} (49. g4 Rh4 50.
Kg3 Rh1 51. Kg2 Rh4 52. Be2 $16) 49... Rf5 50. Bd3 Rh5 51. Be2 {Und Schwarz
gab auf, da er seinen Turm verliert. Ribli.} (51. Be2 Rf5 52. Bg4 $18) 1-0

[Event "RUS-ch51"]
[Site "St Petersburg"]
[Date "1998.07.31"]
[Round "4"]
[White "Galliamova, Alisa"]
[Black "Kobalia, Mihail"]
[Result "0-1"]
[WhiteElo "2560"]
[BlackElo "2505"]
[Annotator "Ribli,Z"]
[PlyCount "90"]
[EventDate "1998.07.28"]
[EventType "swiss"]
[EventRounds "11"]
[EventCountry "RUS"]
[SourceTitle "CBM 067"]
[Source "ChessBase"]
[SourceDate "1998.11.30"]
[SourceVersion "2"]
[SourceVersionDate "1998.11.01"]
[SourceQuality "1"]

{[%mdl 4352]} 1. e4 c5 2. Nf3 e6 3. d4 cxd4 4. Nxd4 Nc6 5. Nc3 Qc7 6. f4 a6 {
Das ist die traditionelle Fortsetzung, aber meines Erachtens wäre es besser, 6.
..Nxd4 einzuschieben, gefolgt von 7...a6. Ribli.} 7. Nxc6 Qxc6 {Die Dame steht
aktiv auf c6, bereitet dem Schwarzen aber in einigen Varianten Sorgen. Weniger
scharf wäre die Alternative 6...bxc6.} (7... bxc6) 8. Bd3 b5 9. Qe2 Bb7 {
[%cal Gb7h1] Weiß hat Entwicklungsvorteil, aber die schwarze Kontrolle über
die lange Diagonale ist stark.} 10. Bd2 {Ein normaler Entwicklungszug. Weiß
bereitet die lange Rochade vor.} Be7 (10... Bc5 11. O-O-O Ne7 12. Qh5 b4 (12...
g6 13. Qh4 O-O-O 14. Qf6 Rhf8 15. Rhe1 Qc7 16. Be3 d5 17. Bxc5 Qxc5 18. e5 Kb8
19. g4 $14 {1-0 Sandor,C-Hoffman,M/BL 1996 (38)}) 13. Ne2 Qb6 14. f5 exf5 15.
exf5 Bxg2 16. Rhe1 O-O-O 17. Nf4 Bc6 18. Qxf7 Rhf8 19. Qxg7 Nxf5 20. Bxf5 Rxf5
21. Qxh7 Rdf8 22. Ng6 R8f7 23. Qg8+ Kb7 24. Ne5 Rf8 25. Qh7 Qc7 26. Nxc6 dxc6
27. Qh4 a5 28. Re6 {1-0 Tischbierek,R-Wilhelm,C/BL 9798 (96)}) (10... b4 11.
Nd5 f5 12. c4 Kf7 13. Nxb4 Bxb4 14. Bxb4 fxe4 15. Bc2 Nf6 16. Bc3 Rhc8 17. b3
d5 18. Rc1 dxc4 19. O-O cxb3 20. Bxb3 Qb5 21. Qf2 Qc5 22. f5 Qxf2+ 23. Kxf2 Bd5
{0-1 Smirin,I-Kurajica,B/Struga zt 1995 (43)}) 11. a3 {Weiß verhindert die
schwarzen Aktionen mit ...b5-b4.} Qc7 $5 $146 {[#]Eine interessante Idee.
Schwarz verliert ein Tempo, aber die Dame steht auf c7 besser. Nach späterem ..
.Nf6, kann Schwarz wannimmer Weiß e4-e5 spielt, nach ...Nd5 Nxd5 - wie in der
Partie - mit dem Läufer zurückschlagen.} (11... Rc8 12. O-O Nf6 13. e5 Nd5 14.
f5 (14. Ne4 g6 15. Kh1 O-O 16. Rae1 Rfe8 17. Qf3 f5 18. exf6 Nxf6 19. Qh3 Nxe4
20. Bxe4 Qb6 {1/2-1/2 Tolnai,T-Horvath,J/Budapest Perenyi 1989 (42)}) 14...
Bc5+ 15. Kh1 Bd4 16. fxe6 Qxe6 17. Bf5 Qxe5 18. Qd3 Ne7 19. Rae1 Qd6 20. Be4
Bc6 21. Bf4 Qc5 22. Bxc6 Rxc6 23. Ne4 Qb6 24. c3 Bf6 25. Bd6 Kd8 26. Rxf6 gxf6
27. Bxe7+ $18 {1-0 Larsen,B-Spangenberg,H/La Plata ARG 1997 (38)}) 12. O-O-O {
Weiß spielt eine scharfe Fortsetzung. Sicherer wäre die kurze Rochade.} (12.
O-O d6 13. Kh1 Nf6 $11) 12... Nf6 13. e5 (13. Kb1 $5 {Das ist immer ein
nützlicher Prophylaxezug.}) (13. g4 d6 (13... b4 14. axb4 Bxb4 15. g5 $40) (
13... d5 14. e5 Nd7 (14... d4 $6 15. Bxb5+ (15. Nxb5 axb5 16. exf6 Bxh1 17.
Bxb5+ Bc6 18. fxe7 $44) (15. Ne4 $14 {[%csl Ge4]}) 15... Kf8 16. exf6 Bxf6 17.
Ne4 $16)) 14. g5 Nd7 15. Kb1 $13) 13... Nd5 14. Nxd5 Bxd5 {[%csl Gd5]} 15. f5 {
Weiß wartet nicht ab, sondern beginnt sofort mit dem Bauernsturm am
Königsflügel.} (15. Kb1) (15. Qg4 O-O $11) 15... Qc6 $13 {[%cal Gc6h1]} (15...
f6 $2 {Dieser Verteidigungszug ist mit dem König in der Mitte schlecht.} 16.
Qh5+ $16) (15... exf5 16. Bxf5 $14) 16. Rhf1 {Weiß opfert einen Bauern für
aktives Spiel.} (16. Qg4 g6 17. f6 Bxg2 (17... Bc5) 18. Rhg1 Bf3 $17) (16. fxe6
dxe6 $15 {[%cal Gc6h1]}) 16... Bxg2 17. Rf2 Bd5 18. fxe6 (18. Qg4 $5 g6 (18...
Bf8 19. Bb4 {[%csl Rg7]}) 19. fxg6 fxg6 20. Rdf1 $44) 18... dxe6 (18... fxe6 $2
19. Qh5+ Kd8 (19... g6 20. Bxg6+) 20. Rf7 $16) 19. Rdf1 Rf8 (19... O-O 20. Qg4
$44 {[%csl Gd2,Gd3,Gf1,Gf2,Gg4,Rg8]} (20. Qh5 $44 {[%csl Gd2,Gd3,Gf1,Gf2,Gh5]})
) 20. Bxh7 Qc4 $1 21. Qxc4 (21. Bd3 Qa2 {[%csl Ga2,Rc1]} 22. c3 Bxa3 23. bxa3
$2 (23. Bxb5+ $5 axb5 24. Qxb5+ Kd8 25. Qb6+ (25. Bg5+ Kc8 26. Rxf7 Bxb2+ 27.
Qxb2 Qa1+ $1 28. Qxa1 Rxa1+ 29. Kd2 Rxf1 $19) 25... Kc8 26. bxa3 Qxa3+ 27. Qb2
$11) 23... Qxa3+ 24. Kd1 (24. Kb1 Ba2+ 25. Kc2 (25. Ka1 Bb3+ 26. Kb1 Qa2+ 27.
Kc1 Qa1+ 28. Bb1 Qa3#) 25... Bb3+ 26. Kb1 Qa2+ 27. Kc1 Qa1+ 28. Bb1 Qa3#) 24...
Bb3+ 25. Bc2 Qa1+ 26. Bc1 O-O-O+ $19) 21... Bxc4 22. Be4 {Sonst wird der
Läufer mit ...g6 eingeschlossen.} O-O-O (22... Bxf1 23. Bxa8 Bc4 24. Bb7 $13 {
[%csl Gb7]}) 23. Bd3 $6 (23. Rd1 Bd5 (23... Bc5 24. Rg2 f5 25. exf6 gxf6 $11)
24. Bd3) 23... Bxd3 24. cxd3 {Schwarz hat die bessere Bauernstruktur, aber das
reduzierte Material bietet dem Weißen Remischancen.} f6 (24... Rxd3 25. Rxf7
Rdd8 $11 (25... Rxf7 $2 26. Rxf7 $14 {[%cal Rf7g7,Rf7e7]})) 25. Kc2 (25. exf6
Bxf6 (25... Rxf6 26. Bc3 Rxf2 27. Rxf2 Rxd3)) 25... Kd7 $1 {[%cal Gd7c6,Gc6d5]
Der schwarze König strebt nach d5.} 26. d4 $6 (26. Rg2 fxe5 27. Rxf8 Bxf8 28.
Bc3 $11) 26... Kc6 27. Re2 (27. Bb4 Bxb4 28. axb4 f5 $15) 27... Kd5 $15 28. Kd3
Rh8 $1 {[%csl Rd3,Gd5,Gh8][%cal Gh8h2]} 29. Bf4 Rc8 (29... Rh3+ 30. Bg3) 30.
exf6 gxf6 {Schwarz spielt das Endspiel ausgezeichnet. Weiß hat Probleme mit
seiner Königsstellung.} (30... Bxf6 $6 31. Rfe1 $1 (31. Be5 Rh3+ 32. Kd2 Rb3
33. Bxf6 Rxb2+ 34. Kd3 Rxe2 35. Kxe2 gxf6 $17) 31... Rh3+ 32. Bg3 Bxd4 (32...
Rc4 33. Rxe6 Rxd4+ 34. Kc2 $11) (32... Rc6 33. Re5+ $1 Bxe5 34. Rxe5+ Kd6 35.
Rh5+ Rxg3+ 36. hxg3 $11) 33. Rxe6 $11) 31. Rfe1 Rc4 (31... Rc6) 32. Re4 (32.
Rxe6 $5 Rxd4+ 33. Ke3 (33. Kc2 Rxf4 34. Rxe7 Rxh2+ $17) 33... Bc5 (33... Kxe6
34. Kxd4+ Kf5 $11) 34. Kf3 $11) 32... Rh3+ 33. Bg3 Bd6 34. b3 Bxg3 35. R1e3 f5
36. bxc4+ bxc4+ 37. Kc3 fxe4 38. hxg3 a5 39. a4 Rh2 $19 {[%csl Rc3,Gc4,Gd5,Re3,
Ge4,Gh2][%cal Gh2a2] Die schwarzen Figuren sind sehr aktiv.} 40. g4 Ra2 41. Re1
(41. g5 Rxa4 42. g6 (42. Rg3 Ra3+) 42... Ra1 $19 {[%csl Rg6][%cal Ga1g1,Gg1g6]}
) 41... Ra3+ 42. Kc2 Rg3 {[%csl Rg4]} 43. Rb1 {Das weiße Gegenspiel kommt zu
spät.} Rxg4 44. Rb5+ Kxd4 {[%csl Rc2,Gc4,Gd4,Ge4,Gg4] Wegen der starken
Freibauern steht Schwarz auf Gewinn.} 45. Rxa5 Rg2+ {Und Weiß gab auf.} 0-1

[Event "RUS-ch51"]
[Site "St Petersburg"]
[Date "1998.07.30"]
[Round "3"]
[White "Voitsekhovsky, Stanislav"]
[Black "Landa, Konstantin"]
[Result "1-0"]
[WhiteElo "2545"]
[BlackElo "2520"]
[Annotator "Ribli,Z"]
[PlyCount "75"]
[EventDate "1998.07.28"]
[EventType "swiss"]
[EventRounds "11"]
[EventCountry "RUS"]
[SourceTitle "CBM 067"]
[Source "ChessBase"]
[SourceDate "1998.11.30"]
[SourceVersion "2"]
[SourceVersionDate "1998.11.01"]
[SourceQuality "1"]

{[%mdl 192]} 1. e4 {Baburin} c5 2. Nf3 Nc6 3. d4 cxd4 4. Nxd4 Qc7 {Schwarz
kann so die Variante 4...e6 5.Nb5 vermeiden. Jetzt wäre der Springerzug 5.Nb5
weniger gefährlich. Ribli.} 5. Nc3 e6 6. Be2 a6 7. O-O b5 (7... Nf6) 8. Nxc6
dxc6 (8... Qxc6 9. Bf3 $14 {[%cal Gf3a8]}) 9. f4 (9. a4) (9. Bg5) 9... Bb7 10.
a4 (10. Be3 Rd8 11. Qe1 c5 (11... Be7 12. Qg3 g6 13. Bf3 $14) 12. Bf3 Nf6 13.
e5 Bxf3 14. Rxf3 Ng4 15. Bd2 Nh6 $11 {[%csl Yf5] Der schwarze Springer strebt
nach f5.}) 10... Rd8 11. Qe1 Be7 (11... b4 12. Nb1 c5 13. Bc4 (13. Nd2 Nf6 14.
Bd3 Be7 15. Nc4 {1-0 Ma Hongding-Wang Lei/PRC-ch 1987 (36)}) 13... Nf6 14. Nd2
Be7 15. Qe2 Qc8 16. Bd3 O-O 17. Nc4 Qc7 18. b3 Rd4 19. Bb2 Rxe4 20. Bxe4 Nxe4
21. f5 exf5 22. Rxf5 g6 23. Rff1 f5 24. Rad1 Bg5 25. Ne5 Nd6 26. Nxg6 hxg6 27.
Qe6+ Qf7 28. Qxd6 Be3+ 29. Kh1 f4 30. Qe5 Kh7 31. Rf3 $14 {1/2-1/2 Drozdov,
I-Brenninkmeijer,J/Groningen op 1994 (54)}) 12. Qg3 g6 13. b3 $14 {Weiß möchte
Bb2 ziehen. Der Läufer wird dann besonders wegen ...g7-g6 stark in der langen
Diagonalen.} (13. Bd3 $5 b4 14. Ne2) 13... b4 14. Nd1 {[%cal Ge3c4,Gd1e3,Ge3g4,
Gd1f2,Gf2g4]} Nf6 15. Nf2 (15. e5 $6 Ne4 16. Qe1 (16. Qe3 Bc5) 16... O-O $15)
15... c5 16. Bb2 O-O $6 {Schwarz ist mutig. Er hat keine Angst vor dem weißen
Angriff. Zwar wäre es auch riskant, mit dem König in der Mitte zu bleiben,
aber die Partiefortsetztung sieht sehr verdächtig aus.} (16... h5 $5 17. Rfd1
$14) 17. Be5 Qc8 18. Qh4 {[%csl Ge5,Gh4] Baburin: 'I am not an expert in this
line, but suspect that Black did something wrong in the opening, as he is now
facing a strong attack on the kingside, yet without having any counter-play on
the opposite wing.'} Nd5 {[#]} (18... Rd2 19. Bd3 $14 (19. Bxf6 Bxf6 20. Qxf6
Rxe2 21. Ng4 h5 22. Nh6+ (22. Rf2 Rxf2 23. Nxf2 Rd8) 22... Kh7 23. Nxf7 Bxe4
24. Rf2 Rxf2 25. Kxf2)) 19. Ng4 $1 $16 {'!' Baburin. Baburin: 'Black can no
longer defend his king, as his defenders are out-numbered by the attacking
forces.'} h5 (19... Rfe8 {[%csl Ge5,Gg4,Rg8,Gh4][%cal Gg4h6] Nach 19...Bxh4
kommt 20.Nh6 Matt.} 20. Nh6+ Kf8 21. Qh3 {[%csl Rd5]} Nf6 22. Ng4 Nxg4 23. Qxh7
(23. Bxg4 Kg8 $11) 23... f6 24. Bxg4 Bxe4 25. f5 $40 {[%csl Rf8][%cal Rf1f8]})
20. Qh3 f6 (20... Nc3 21. Nh6+ Kh7 22. Bxh5 {'!' Baburin. Baburin: 'Black's
position would just collapse.'} gxh5 23. Qxh5 $16 {[%csl Ge5,Gh5,Gh6,Rh7]}) (
20... Nb6 21. Nh6+ Kh7 22. Bxh5 $16) 21. exd5 hxg4 22. Qxg4 (22. Qh6) 22... Kf7
(22... Kg7 23. Bd3 {[%csl Gd3,Ge5,Gg4,Rg7][%cal Rg4g6,Rd3g6]}) (22... fxe5 $2 {
Baburin} 23. Qxg6+ Kh8 24. Rf3 $18) 23. dxe6+ Qxe6 24. f5 $1 (24. Bc4 Bd5 25.
Qxe6+ Bxe6 26. Bxe6+ Kxe6 27. Bb2 Rd2 28. Rf2 Rfd8 $14) (24. Qxe6+ {Baburin}
Kxe6 25. Bb2 {would be too prosaic.}) 24... gxf5 (24... Qxe5 25. Qxg6#) 25.
Qh5+ Kg7 26. Qg5+ Kh7 (26... Kf7 $2 27. Bh5#) 27. Qh4+ Kg7 28. Qg3+ Kh8 (28...
Kf7 29. Bh5#) 29. Qh3+ Kg7 30. Rxf5 {'+-' Baburin.} fxe5 (30... Qxf5 31. Qxf5
fxe5 32. Qxe5+ Bf6 33. Qg3+ $18) 31. Rg5+ $1 Bxg5 (31... Kf7 32. Qh5+ $18) 32.
Qxe6 Be3+ 33. Kh1 Bd4 34. Rf1 Bd5 (34... Rxf1+ 35. Bxf1 Rf8 36. Bc4 $16 {
[%csl Rg7][%cal Gc4g8]}) 35. Qe7+ Kg8 36. Qg5+ Kh8 37. Rf6 $18 {[%cal Rf6h6]}
Bxg2+ (37... Rxf6 38. Qxf6+ $18) 38. Kxg2 {Schwarz gab seine völlig
hoffnungslose Stellung auf.} (38. Kxg2 Rg8 39. Rh6#) 1-0